01040 2200409 4500001002100000005001500021035002000036008004100056245011600097100001500213700002300228250001000251260002600261300002900287020001800316084001600334520004800350082001000398650001800408990001200426990001200438990001200450990001200462990001200474990001200486990001200498990001200510990001200522990001200534990001200546990001200558990001200570990001200582990001200594990001200606990001200618INLIS00000000001637120230830090524 a0010-0723000008230830 e 1 ind 1 aThe Memorandum of Kyoko Okitegami vol.5 /cYou Asami; alih bahasa, Dian Indrinuswati; editor, Seryan Wira Ganda aASAMI, You aSERYAN, Wira Ganda acet.1 aJakarta :bM&C,c2019 a168 hal.: ilus. ;c17 cm a9786024806200 a741.5 ASA m aJudul asli : Okitegami Kyoko no Bibouroku 5 a741.5 4aKOMIK. BACAAN a11255 a a11255 b a11255 c a11255 d a11255 e a11255 f a11255 g a11255 h a11255 i a11255 j a11255 k a11255 l a11255 m a11255 n a11255 o a11255 p a11255 q